Statistics for Mystery Taylor Swift Song #14

Click here to take the quiz!

General Stats

  • This quiz has been taken 805 times
    (667 since last reset)
  • The average score is 38 of 90

Answer Stats

Song% Correct
I
90%
You
90%
You
90%
the
81%
Fearless TV
80%
And
79%
love
78%
me?
73%
me
73%
be
69%
When
69%
your
67%
in
66%
To
66%
it
64%
Then
60%
my
59%
I'm
56%
can
55%
were
54%
it's
53%
said
53%
(That's
53%
that's
53%
this
53%
this)
53%
was
53%
know
51%
of
51%
all
50%
ever
50%
go
49%
hear
49%
I'll
46%
see
46%
at
45%
up
45%
think
44%
did
41%
time
41%
come
39%
some
38%
face
37%
face)
37%
about
36%
baby
36%
back
36%
back?
36%
That's When
36%
or
35%
our
35%
knew
34%
let
34%
need
34%
want
34%
saw
33%
wake
32%
mornin'
31%
cryin'
28%
Laughin'
28%
space
28%
take
28%
sunny
27%
yeah
27%
front
26%
stormin')
26%
stormin'
26%
waitin'
26%
made
25%
gate
24%
gate)
24%
gone
24%
Leave
24%
Came
23%
those
23%
(through
23%
through
23%
words
23%
wrong
23%
hard
22%
miss
22%
watched
22%
put
21%
mistakes
20%
phone
20%
woke
20%
harder
19%
past
19%
tears
19%
Honestly
17%

Score Distribution

Percentile by Number Answered

Percent of People with Each Score

Your Score History

You have not taken this quiz since the last reset